000
00250nam a22001097a 4500
003
SGT
082
_a
362.11, KUN
100
_a
KUNDERS G D.
245
_a
HOSPITALS FACILITIES PLANNING AND MANAGEMENT
260
_a
NEW DELHI
_b
TMH
_c
2004
942
_2
ddc
_c
CD
999
_c
10863
_d
10863